| 000 | 01087nam0a2200325 i 4500 | ||
|---|---|---|---|
| 001 | RU\NLR\bibl\2033029 | ||
| 005 | 20240723102206.0 | ||
| 010 | _a9785715702357 | ||
| 035 | _a(nilc)LIBNET\0000267078 | ||
| 035 | _a(NLR Aleph) 002020725 | ||
| 090 |
_a4503240 _c4503240 |
||
| 100 | _a20120823d2011 u y0rusy50 ca | ||
| 101 | 0 | _arus | |
| 102 | _aRU | ||
| 105 | _ay ||||||||| | ||
| 200 | 1 |
_aНедочеловеки _eроман _fСтефан Грюнберг |
|
| 210 |
_aМосква _cВозвращение _d2011 |
||
| 215 |
_a468, [1] с. _d22 |
||
| 225 | 1 |
_aMemoria _fсост.: С.С. Виленский |
|
| 686 |
_a84(2Рос=Рус)6-44 _vLBC/RL _2rubbk |
||
| 686 | _aШ6(2=Р)75-440.4 | ||
| 700 | 1 |
_aГрюнберг _bС. _f1895-1970 _gСтефан _4070 |
|
| 801 | 0 |
_aRU _bЯрославская ОУНБ _c20120823 _grcr _2rusmarc |
|
| 801 | 1 |
_aRU _bЯрославская ОУНБ _c20120823 _grcr _2rusmarc |
|
| 801 | 2 |
_aRU _bNLR _c20130321 _grcr |
|
| 830 | _aавт. раскрыт по кн. | ||
| 942 | _cBOOK | ||
| 980 | _aNBR | ||